Cricket Players with the Most ODI Catches - Statistics

General Stats
  • This quiz has been taken 36 times
  • The average score is 11 of 20
Answer Stats
Country Catches Player % Correct
India 161 Virat Kohli
89%
Sri Lanka 218 Mahela Jayawardene
82%
Australia 160 Ricky Ponting
82%
India 124 Rahul Dravid
79%
India 140 Sachin Tendulkar
75%
South Africa 131 Jacques Kallis
68%
West Indies 120 Brian Lara
64%
New Zealand 142 Ross Taylor
57%
Pakistan 130 Younis Khan
57%
West Indies 124 Chris Gayle
54%
Sri Lanka 123 Sanath Jayasuriya
54%
Australia 111 Steve Waugh
54%
Pakistan 113 Inzamam-ul-Haq
46%
New Zealand 133 Stephen Fleming
46%
Sri Lanka 118 Tillakaratne Dilshan
46%
Sri Lanka 130 Muthiah Muralidaran
36%
Pakistan 127 Shahid Afridi
29%
India 156 Mohammad Azharuddin
25%
Australia 127 Allan Border
21%
West Indies 120 Carl Hooper
11%
No matching quizzes found
Score Distribution
Percent of People with Each Score
Percentile by Number Answered
Your Score History
You have not taken this quiz